Canto, palabra y memoria campesina
Zapisane w:
| Główni autorzy: | , , |
|---|---|
| Format: | Książka |
| Język: | hiszpański |
| Wydane: |
Valdivia
Fondart
1996
|
| Hasła przedmiotowe: | |
| Etykiety: |
Dodaj etykietę
Nie ma etykietki, Dołącz pierwszą etykiete!
|
MARC
| LEADER | 00000nam a2200000 a 4500 | ||
|---|---|---|---|
| 001 | UCQ8170 | ||
| 003 | CL-VaPUC | ||
| 008 | 981127e19960000CL |||||||||||||||||spa|d | ||
| 082 | 0 | 4 | |a 398.2 |b ARA |2 21 |
| 100 | 0 | |a Araya Olmos, Isabel |e author |9 421988 | |
| 700 | 0 | |a Chavarría Zemelman, Patricia |e author |9 421989 | |
| 700 | 0 | |a Mariángel Chavarría, Paula |e author |9 421990 | |
| 245 | 1 | 0 | |a Canto, palabra y memoria campesina |
| 300 | |a 146 p | ||
| 942 | |c BK | ||
| 945 | |d 19981127 00:00:00 |a aarredon | ||
| 260 | |a Valdivia |b Fondart |c 1996 | ||
| 650 | 7 | |a FOLKLORE |2 CL-VaPUC |9 268291 | |
| 650 | 0 | |a Literatura folklórica |9 306605 | |
| 650 | 0 | |a Costumbres y tradiciones |9 268292 | |
| 650 | 7 | |a CAMPESINOS |2 CL-VaPUC |9 315355 | |
| 650 | 0 | |a Cultura |9 269059 | |
| 650 | 7 | |a CANTO |2 CL-VaPUC |9 421991 | |
| 651 | 7 | |a CHILE |2 CL-VaPUC |9 421992 | |
| 583 | |a last modification |c 19981127 00:00:00 |k Rodrigo Vera | ||
| 999 | |c 277464 |d 277462 | ||
| 952 | |0 0 |1 0 |4 0 |6 398_200000000000000_ARA_1996 |7 0 |8 X |9 315402 |a FDOMLP |b FDOMLP |d 2019-11-20 |i 3484688 |o 398.2 ARA 1996 |p 3484688 |r 2019-11-20 |w 2019-11-20 |y BK_X |k BU2 | ||